Paying for work done without a contract (Record no. 62369)

MARC details
000 -LEADER
fixed length control field 00905cam a2200217 4500
001 - CONTROL NUMBER
control field ABS61818
008 - FIXED-LENGTH DATA ELEMENTS--GENERAL INFORMATION
fixed length control field 000000n2000 000 0 eng u
035 ## - SYSTEM CONTROL NUMBER
System control number (Sirsi) u103906
100 ## - MAIN ENTRY--PERSONAL NAME
Personal name Sarker, N
245 ## - TITLE STATEMENT
Title Paying for work done without a contract
260 ## - PUBLICATION, DISTRIBUTION, ETC.
Date of publication, distribution, etc. 2000
490 ## - SERIES STATEMENT
Series statement Solicitors' Journal
Volume/sequential designation 144(1) 14 January 2000, 12(1)
520 ## - SUMMARY, ETC.
Summary, etc. Discusses the decision in "Countrywide Communications Ltd v ICL Pathway Ltd" which sets out useful guidance on the law of restitution. In this case, the court adopted a common sense approach and found in favour of the subcontractor because the consortium for which it provided services had dishonoured an assurance to provide a contract.
590 ## - LOCAL NOTE (RLIN)
Local note ABS
650 ## - SUBJECT ADDED ENTRY--TOPICAL TERM
Topical term or geographic name entry element RESTITUTION
650 ## - SUBJECT ADDED ENTRY--TOPICAL TERM
Topical term or geographic name entry element COUNTRYWIDE COMMUNICATIONS LTD V ICL PATHWAY LTD AND ANOTHER
650 ## - SUBJECT ADDED ENTRY--TOPICAL TERM
Topical term or geographic name entry element DAMAGES
650 ## - SUBJECT ADDED ENTRY--TOPICAL TERM
Topical term or geographic name entry element QUANTUM MERUIT
690 ## - LOCAL SUBJECT ADDED ENTRY--TOPICAL TERM (OCLC, RLIN)
Topical term or geographic name as entry element LAW
942 ## - ADDED ENTRY ELEMENTS (KOHA)
Suppress in OPAC 0
Holdings
Withdrawn status Lost status Source of classification or shelving scheme Damaged status Not for loan Home library Current library Shelving location Date acquired Total Checkouts Full call number Barcode Date last seen Copy number Price effective from Koha item type
    Dewey Decimal Classification     London London Journal article 31/01/2000   ABS61818 103906-1001 06/08/2019 1 06/08/2019 Journal article